000 00570nam a22001817a 4500
003 BD-ChCU
005 20251109102702.0
008 251109b bg ||||| |||| 00| 0 ben d
040 _cBD-ChCU
082 _aREF 423 SHO (3)
100 _aWilliam little , H.W. Fowler.
_915668
245 _aThe Shorter oxford english dictionary :
_bon historical principles ./
_cH.W. Fowler , william little
250 _a3rd ed.
260 _aOxford :
_bClarendon Press ,
_cC 1973
300 _avol. 1 & 2.
650 0 _aEnglish Language - Dictionaries
_915673
942 _2ddc
_cBK
_n0
999 _c109192
_d109192